Spell the Marvel Character #408 - Statistics

General Stats
  • This quiz has been taken 12 times
  • The average score is 4 of 6
Answer Stats
Picture Answer % Correct
Okoye
100%
Yellowjacket
67%
Yondu
67%
Demolition-Man
58%
Uranian
58%
Nikki
50%
No matching quizzes found
Score Distribution
Percent of People with Each Score
Percentile by Number Answered
Your Score History
You have not taken this quiz